Представление документа в формате RUSMARC

ПолеНазваниеЗначение
  Тип записи a
  Библиографический уровень m
001 Контрольный номер 7c04c14a59e140d0ae34d5727c1978d2
005 Дата корректировки 20260618111531.2
010 Индекс ISBN __
b Уточнения В пер.
d Цена 1727-78
100 Данные общей обработки __
a Данные общей обработки 20240627d2024 d y0rusy028902 ca
101 Язык документа 0_
a Язык текста rus
102 Страна публикации __
a Страна публикации RU
105 Кодированные данные (монография) __
a Кодированные данные (монография) y z 000ay
181 Поле кодированных данных: вид содержания _0
a Код вида содержания (ISBD) i
182 Поле кодированных данных: тип средства _0
a Код типа средства (ISBD) n
200 Заглавие и сведения об ответственности 1_
a Заглавие Алые паруса
f Первые сведения об ответственности Александр Грин
203 Вид содержания и тип средства __
a Вид содержания Текст
c Тип средства непосредственный
210 Выходные данные 1_
a Место издания Москва
c Издательство Чинар
d Дата издания 2024
215 Физическое описание __
a Объем 145 с.
d Формат 21 см
225 Серия 2_
a Серия Круг чтения
e Сведения, относящиеся к заглавию серии издание для слабовидящих
300 Общие примечания __
a Общие примечания Текст печатается по изданию: Грин А. Алые паруса. - Аксай : Проф-пресс, 2017. - ISBN 978-5-378-27831-2
330 Аннотация __
a Аннотация Замечательная романтическая история Александра Грина о чудесах и надежде любима многими поколениями читателей.
333 Примечание о целевом назначении __
a Примечание о целевом назначении 6+. Для детей старше шести лет
606 Тематические рубрики __
a Основная рубрика Художественная литература
2 Код системы nlr_sh
606 Тематические рубрики __
a Основная рубрика Русская литература XX в. (произведения)
2 Код системы nlr_sh
610 Ключевые слова 0_
a Ключевые слова тема любви
610 Ключевые слова 0_
a Ключевые слова детская литература
610 Ключевые слова 0_
a Ключевые слова книги для незрячих
610 Ключевые слова 0_
a Ключевые слова чтение для слабовидящих
610 Ключевые слова 0_
a Ключевые слова любовь
610 Ключевые слова 0_
a Ключевые слова тема мечты
610 Ключевые слова 0_
a Ключевые слова тема судьбы
610 Ключевые слова 0_
a Ключевые слова тема юности
610 Ключевые слова 0_
a Ключевые слова тема романтики
610 Ключевые слова 0_
a Ключевые слова Ассоль
610 Ключевые слова 0_
a Ключевые слова Грэй
610 Ключевые слова 0_
a Ключевые слова тема исполнения желаний
686 Индексы других классификаций __
2 Код системы rubbks
a Классификационный индекс 84(2=411.2)6-4я07; ст84(2=411.2)6-4я0
700 Автор _1
a Фамилия Грин
b Имя А. С.
f Даты 1880-1932
g Полное личное имя Александр Степанович
4 Код отношения 070
801 Источник записи _0
a Страна RU
b Организация Муниципальное бюджетное учреждение культуры "Централизованная библиотечная система" г. Сургут (Центральная городская библиотека им. А. С. Пушкина)
c Дата составления 20240627
g Правила каталогизации PSBO
801 Источник записи _1
a Страна RU
b Организация Муниципальное бюджетное учреждение культуры "Централизованная библиотечная система" г. Сургут (Центральная городская библиотека им. А. С. Пушкина)
c Дата составления 20240627
g Правила каталогизации PSBO
852 Данные о местонахождении __
j Шифр хранения 84(2=411.2)6-4я07
i Авторский знак Г 85
900 Макрообъекты __
a Макрообъекты Алые паруса, Грин, А., 2024
901 Тип документа __
t Тип документа m
a Ответственный ООФиК/Губина
903 Характеристики (МАРС) __
a Дата передачи 20240627
c Наименование библиотеки (МАРС) Муниципальное бюджетное учреждение культуры "Централизованная библиотечная система" г. Сургут (Центральная городская библиотека им. А. С. Пушкина)
969 Тип издания __
a Тип издания спецформат-крупношрифтовое
a Тип издания издание для слепых
a Тип издания крупношрифтовое издание
a Тип издания издание для юношества
990 Данные о заказе (DOS) __
j Количество экземпляров (DOS) 1
t N записи в КСУ для И/У (DOS) 202407